Normal view MARC view
  • Sueños en la literatura

Entry Materia

Number of records used in: 1

001 - NÚMERO DE CONTROL DEL REGISTRO

  • campo de control: 51308

003 - IDENTIFICADOR DE NUMERO DE CONTROL

  • campo de control: UPN

005 - FECHA Y HORA DE LA ÚLTIMA TRANSACCIÓN

  • campo de control: 20240307145326.0

008 - DATOS DE LONGITUD FIJA

  • campo de control de longitud fija: 240307|| aca||babn | a|a d

040 ## - FUENTE DE LA CATALOGACIÓN

  • Centro catalogador de origen: MX-MxUPN
  • Lengua de catalogación: spa
  • Agencia de transcripción: MX-MxUPN

150 ## - ENCABEZAMIENTO - TEMÁTICO

  • Término de materia o nombre geográfico como elemento inicial: Sueños en la literatura

670 ## - FUENTE EN LA QUE SE LOCALIZARON DATOS

  • Cita de la fuente: LC, 07 marzo 2024:
  • Información localizada: (Dreams in literature)
  • Identificador Uniforme del Recurso: https://lccn.loc.gov/sh85039487

902 ## - CATALOGADOR

  • Catalogador: MaríaRobles/070324